MARC details
| 000 -LEADER |
| campo de control de longitud fija |
02326nkc a22003257a 4500 |
| 001 - NÚMERO DE CONTROL |
| campo de control |
85796 |
| 005 - FECHA Y HORA DE LA ÚLTIMA TRANSACCIÓN |
| campo de control |
20260416161547.0 |
| 007 - CAMPO FIJO DE DESCRIPCIÓN FÍSICA--INFORMACIÓN GENERAL |
| campo de control de longitud fija |
kh boc |
| 008 - DATOS DE LONGITUD FIJA--INFORMACIÓN GENERAL |
| campo de control de longitud fija |
260413s1890 sp ||||| |||| |0| i|spa d |
| 040 ## - FUENTE DE CATALOGACIÓN |
| Centro catalogador/agencia de origen |
M-RABA |
| Lengua de catalogación |
spa |
| Centro/agencia transcriptor |
M-RABA |
| 100 ## - ENTRADA PRINCIPAL--NOMBRE DE PERSONA |
| Nombre de persona |
Garasa, Mariano |
| Fechas asociadas al nombre |
ca. 1890 |
| 9 (RLIN) |
111662 |
| 245 11 - MENCIÓN DEL TÍTULO |
| Título |
[Castillo de Loarre |
| Resto del título |
: vistas exteriores e interior de la capilla] |
| Mención de responsabilidad, etc. |
/ Mariano Garasa |
| Medio |
[Material gráfico] |
| 260 ## - PUBLICACIÓN, DISTRIBUCIÓN, ETC. |
| Lugar de publicación, distribución, etc. |
Erla |
| Nombre del editor, distribuidor, etc. |
: Mariano Garasa |
| Fecha de publicación, distribución, etc. |
, [ca. 1890] |
| 300 ## - DESCRIPCIÓN FÍSICA |
| Extensión |
6 fotografías |
| Otras características físicas |
: albúmina |
| Dimensiones |
; imagen 12 x 17 cm |
| -- |
; soporte secundario 20 x 26 cm |
| 500 00 - NOTA GENERAL |
| Nota general |
Conjunto de 6 fotografías del Castillo de Loarre (Huesca) desde diferentes ángulos, así como el interior de la capilla y otras estancias. |
| 500 00 - NOTA GENERAL |
| Nota general |
Sello de tinta al verso de las fotografías: "Mariano Garasa - Erla" |
| 500 00 - NOTA GENERAL |
| Nota general |
Restos de cinta de papel adheridos en la parte superior del verso. |
| 505 ## - NOTA DE CONTENIDO CON FORMATO |
| Nota de contenido con formato |
Fot-627 y Fot-628: fachada este y muralla exterior. Fot-629: fachada este. Fot-630: interior de la iglesia. Fot-631: vista exterior con mujeres y hombres de la época. Fot-632: entrada a los pisos superiores con hombres de la época. |
| 610 27 - PUNTO DE ACCESO ADICIONAL DE MATERIA--NOMBRE DE ENTIDAD CORPORATIVA |
| Nombre de entidad corporativa o nombre de jurisdicción como elemento de entrada |
Castillo de Loarre ( |
| Sede del congreso/Lugar de la reunión |
Huesca, España) |
| 9 (RLIN) |
5703 |
| 651 #4 - PUNTO DE ACCESO ADICIONAL DE MATERIA--NOMBRE GEOGRÁFICO |
| Nombre geográfico |
Loarre |
| 9 (RLIN) |
111663 |
| 655 #0 - TERMINO DE INDIZACIÓN--GENERO/FORMA |
| Datos o término principal de género/forma |
Fotografías de monumentos |
| 9 (RLIN) |
111580 |
| 852 ## - LOCALIZACIÓN |
| Número de control de estantería |
Fot-627; Fot-628; Fot-629; Fot-630; Fot-631; Fot-632 |
| 856 ## - LOCALIZACIÓN Y ACCESO ELECTRÓNICOS |
| Identificador Uniforme de Recurso |
<a href="https://archivoybiblioteca.realacademiabellasartessanfernando.com/cgi-bin/koha/opac-retrieve-file.pl?id=b4d43db3249a90bc6d3fa893a8914207">https://archivoybiblioteca.realacademiabellasartessanfernando.com/cgi-bin/koha/opac-retrieve-file.pl?id=b4d43db3249a90bc6d3fa893a8914207</a> |
| Texto de enlace |
Fot-627 |
| 856 ## - LOCALIZACIÓN Y ACCESO ELECTRÓNICOS |
| Identificador Uniforme de Recurso |
<a href="https://archivoybiblioteca.realacademiabellasartessanfernando.com/cgi-bin/koha/opac-retrieve-file.pl?id=c01bf17b411a8fc4eddd61c8b7eee82b">https://archivoybiblioteca.realacademiabellasartessanfernando.com/cgi-bin/koha/opac-retrieve-file.pl?id=c01bf17b411a8fc4eddd61c8b7eee82b</a> |
| Texto de enlace |
Fot-628 |
| 856 ## - LOCALIZACIÓN Y ACCESO ELECTRÓNICOS |
| Identificador Uniforme de Recurso |
<a href="https://archivoybiblioteca.realacademiabellasartessanfernando.com/cgi-bin/koha/opac-retrieve-file.pl?id=fd89d1c6c8dc861cfc3d64d57151222d">https://archivoybiblioteca.realacademiabellasartessanfernando.com/cgi-bin/koha/opac-retrieve-file.pl?id=fd89d1c6c8dc861cfc3d64d57151222d</a> |
| Texto de enlace |
Fot-629 |
| 856 ## - LOCALIZACIÓN Y ACCESO ELECTRÓNICOS |
| Identificador Uniforme de Recurso |
<a href="https://archivoybiblioteca.realacademiabellasartessanfernando.com/cgi-bin/koha/opac-retrieve-file.pl?id=ddb2a4a4eb0354d86b96c355a4ec3288">https://archivoybiblioteca.realacademiabellasartessanfernando.com/cgi-bin/koha/opac-retrieve-file.pl?id=ddb2a4a4eb0354d86b96c355a4ec3288</a> |
| Texto de enlace |
Fot-630 |
| 856 ## - LOCALIZACIÓN Y ACCESO ELECTRÓNICOS |
| Identificador Uniforme de Recurso |
<a href="https://archivoybiblioteca.realacademiabellasartessanfernando.com/cgi-bin/koha/opac-retrieve-file.pl?id=aac914dd3a6a4cc90027fad3467245c4">https://archivoybiblioteca.realacademiabellasartessanfernando.com/cgi-bin/koha/opac-retrieve-file.pl?id=aac914dd3a6a4cc90027fad3467245c4</a> |
| Texto de enlace |
Fot-631 |
| 856 ## - LOCALIZACIÓN Y ACCESO ELECTRÓNICOS |
| Identificador Uniforme de Recurso |
<a href="https://archivoybiblioteca.realacademiabellasartessanfernando.com/cgi-bin/koha/opac-retrieve-file.pl?id=e48cf263235f147ac51e05f3bd70ab1c">https://archivoybiblioteca.realacademiabellasartessanfernando.com/cgi-bin/koha/opac-retrieve-file.pl?id=e48cf263235f147ac51e05f3bd70ab1c</a> |
| Texto de enlace |
Fot-632 |
| 942 ## - ELEMENTOS DE ENTRADA SECUNDARIOS (KOHA) |
| Tipo de ítem Koha |
Fotografías |
| Suprimir en OPAC |
No |